Lairies (Record no. 1561)

MARC details
000 -LEADER
fixed length control field 00519nam a22002177a 4500
003 - CONTROL NUMBER IDENTIFIER
control field OSt
005 - DATE AND TIME OF LATEST TRANSACTION
control field 20241218144417.0
008 - FIXED-LENGTH DATA ELEMENTS--GENERAL INFORMATION
fixed length control field 241218b |||||||| |||| 00| 0 eng d
016 ## - NATIONAL BIBLIOGRAPHIC AGENCY CONTROL NUMBER
Record control number z
020 ## - INTERNATIONAL STANDARD BOOK NUMBER
International Standard Book Number 9781910312674
040 ## - CATALOGING SOURCE
Original cataloging agency KMU
Language of cataloging KMU
Transcribing agency KMU
Modifying agency KMU
Description conventions rda
050 ## - LIBRARY OF CONGRESS CALL NUMBER
Classification number PR6108.L35
100 ## - MAIN ENTRY--PERSONAL NAME
Personal name Hollyman Steve
245 ## - TITLE STATEMENT
Title Lairies
Remainder of title /
Statement of responsibility, etc. Steve Hollyman
260 ## - PUBLICATION, DISTRIBUTION, ETC.
Place of publication, distribution, etc. London:
Name of publisher, distributor, etc. Influx press,
Date of publication, distribution, etc. 2021.
300 ## - PHYSICAL DESCRIPTION
Extent 413 p.:
Other physical details ill.;
Dimensions 19cm
650 ## - SUBJECT ADDED ENTRY--TOPICAL TERM
Topical term or geographic name entry element Coma
650 ## - SUBJECT ADDED ENTRY--TOPICAL TERM
Topical term or geographic name entry element Realities
650 ## - SUBJECT ADDED ENTRY--TOPICAL TERM
Topical term or geographic name entry element Lives
942 ## - ADDED ENTRY ELEMENTS (KOHA)
Source of classification or shelving scheme Library of Congress Classification
Koha item type Fiction
Suppress in OPAC No
Holdings
Withdrawn status Lost status Source of classification or shelving scheme Damaged status Not for loan Collection Home library Current library Shelving location Date acquired Total Checkouts Full call number Barcode Date last seen Price effective from Koha item type
    Library of Congress Classification     Fiction Kapasa Makasa University Kapasa Makasa University Open Access 18.12.2024   PR6108.L35 Hol 300887 18.12.2024 18.12.2024 Fiction
    Library of Congress Classification     Fiction Kapasa Makasa University Kapasa Makasa University Open Access 18.12.2024   PR6108.L35 Hol 300888 18.12.2024 18.12.2024 Fiction